[Event "FRA-chT3 0405"]
[Site "France"]
[Date "2005.03.13"]
[Round "7"]
[White "Cloarec, Bernard"]
[Black "Le Moine, Camille"]
[Result "1-0"]
[WhiteElo "1590"]
[BlackElo "1320"]
[PlyCount "127"]
[EventDate "2004.10.10"]
[EventType "team"]
[EventRounds "9"]
[EventCountry "FRA"]
[SourceTitle "EXT 2007"]
[Source "ChessBase"]
[SourceDate "2006.11.23"]
[SourceVersion "1"]
[SourceVersionDate "2006.11.23"]
[SourceQuality "1"]

1. e4 e5 2. Nf3 Nc6 3. Bc4 Nf6 4. Nc3 Bc5 5. d3 d6 6. Bg5 Bg4 7. Nd5 Nd4 8. h3 Nxf3+ 9. gxf3 Be6 10. Nxf6+ gxf6 11. Bh4 Bxc4 12. dxc4 Rg8 13. Qd2 Rg6 14. 0-0-0 c6 15. Rhg1 Qb6 16. f4 Bd4 17. c3 Bc5 18. b4 0-0-0 19. Rxg6 fxg6 20. Qe2 Bxb4 21. cxb4 Qxb4 22. Bxf6 Rf8 23. fxe5 Qc3+ 24. Qc2 Qxc2+ 25. Kxc2 dxe5 26. Bh4 Rf4 27. Bg3 Rxe4 28. Kc3 h5 29. h4 Kc7 30. Rd3 b5 31. cxb5 cxb5 32. Re3 Rc4+ 33. Kb3 Kc6 34. Rxe5 a5 35. Re6+ Kc5 36. Rxg6 a4+ 37. Kb2 b4 38. Bd6+ Kd4 39. Rg3 Rc3 40. Bxb4 Rc7 41. Ka3 Ra7 42. Rg5 Ke4 43. Rxh5 Kf4 44. Ra5 Rxa5 45. Bxa5 Kg4 46. Bd8 Kf5 47. Bg5 Kg6 48. f4 Kf5 49. Kxa4 Kg6 50. Kb5 Kg7 51. h5 Kf7 52. h6 Kg6 53. a4 Kh7 54. a5 Kg6 55. a6 Kh5 56. h7 Kg4 57. h8Q Kf3 58. Qh4 Ke4 59. Qg4 Ke3 60. f5+ Kd3 61. Kb4 Kc2 62. Qe2+ Kb1 63. Kb3 Ka1 64. Qb2# 1-0

[Event "FRA-chT3 0405"]
[Site "France"]
[Date "2004.12.05"]
[Round "4"]
[White "Le Moine, Camille"]
[Black "Rolland, Aurelien"]
[Result "0-1"]
[WhiteElo "1350"]
[BlackElo "1650"]
[PlyCount "66"]
[EventDate "2004.10.10"]
[EventType "team"]
[EventRounds "9"]
[EventCountry "FRA"]
[SourceTitle "EXT 2007"]
[Source "ChessBase"]
[SourceDate "2006.11.23"]
[SourceVersion "1"]
[SourceVersionDate "2006.11.23"]
[SourceQuality "1"]

1. e4 c6 2. d4 d5 3. f3 e6 4. Nc3 Bb4 5. Bf4 Ne7 6. Bd3 dxe4 7. Bxe4 Nd5 8. Nge2 Nxf4 9. Nxf4 Nd7 10. 0-0 Nf6 11. Bd3 Qxd4+ 12. Kh1 Qxf4 13. Ne2 Qh6 14. Ng3 Bd6 15. Qe1 Nh5 16. Rd1 Nxg3+ 17. Kg1 Nxf1 18. Kxf1 Qxh2 19. Kf2 Bg3+ 20. Ke2 Qxg2+ 21. Ke3 Bxe1 22. Rxe1 Qg5+ 23. f4 Qg3+ 24. Kd2 Qxf4+ 25. Kc3 a5 26. Be4 f5 27. Bg2 Qb4+ 28. Kd3 Qxe1 29. a4 0-0 30. Kc4 Rd8 31. Kb3 Qb4+ 32. Ka2 Qxa4+ 33. Kb1 Rd1# 0-1

[Event "FRA-chT3 0405"]
[Site "France"]
[Date "2004.11.06"]
[Round "2"]
[White "Le Moine, Camille"]
[Black "Bleuzen, Christian"]
[Result "0-1"]
[WhiteElo "1350"]
[BlackElo "1440"]
[PlyCount "92"]
[EventDate "2004.10.10"]
[EventType "team"]
[EventRounds "9"]
[EventCountry "FRA"]
[SourceTitle "EXT 2007"]
[Source "ChessBase"]
[SourceDate "2006.11.23"]
[SourceVersion "1"]
[SourceVersionDate "2006.11.23"]
[SourceQuality "1"]

1. e4 c6 2. d4 d5 3. Nc3 dxe4 4. Nxe4 Bf5 5. f3 e6 6. Bf4 Bxe4 7. fxe4 Nf6 8. e5 Nd5 9. Bd2 Qh4+ 10. g3 Qe4+ 11. Qe2 Qxc2 12. b3 Bb4 13. Bg2 Bc3 14. Bxc3 Qxc3+ 15. Kf2 Qxa1 16. Bxd5 Qxd4+ 17. Kf1 Qxd5 18. Nf3 0-0 19. Kg2 Rd8 20. Rf1 Nd7 21. Rd1 Qa5 22. Rd3 Nb6 23. Qd1 Rd5 24. Qe2 Rad8 25. Qe4 Rxd3 26. Ng5 Qxa2+ 27. Kh3 g6 28. Qf4 R8d7 29. Qh4 h5 30. Ne4 Nd5 31. Nc5 Qe2 32. Nxd3 Qg4+ 33. Qxg4 hxg4+ 34. Kxg4 Ne3+ 35. Kh3 Rxd3 36. b4 Rd5 37. b5 Rxe5 38. g4 Rxb5 39. Kh4 Kg7 40. h3 a5 41. Kg3 a4 42. Kf3 Rb3 43. Kf4 a3 44. Kg5 a2 45. Kh4 Ng2+ 46. Kg5 f6# 0-1

[Event "FRA-ch U10 Girls"]
[Site "Hyeres"]
[Date "2002.??.??"]
[Round "5.10"]
[White "Dauchart, Elaine"]
[Black "Le Moine, Camille"]
[Result "1-0"]
[WhiteElo "1190"]
[BlackElo "1530"]
[PlyCount "53"]
[EventDate "2002.04.05"]
[EventType "swiss"]
[EventRounds "9"]
[EventCountry "FRA"]
[SourceTitle "EXT 2003"]
[Source "ChessBase"]
[SourceDate "2002.11.25"]
[SourceVersion "1"]
[SourceVersionDate "2002.11.25"]
[SourceQuality "1"]

1. e4 e5 2. Nf3 Nc6 3. Bb5 Nf6 4. Nc3 a6 5. Ba4 b5 6. Bb3 Bb4 7. 0-0 d6 8. a3 Bxc3 9. dxc3 Nxe4 10. Qd5 0-0 11. Qxc6 Bf5 12. Bd5 Rb8 13. Bxe4 Bxe4 14. Qxe4 d5 15. Qxe5 Re8 16. Qg3 Qe7 17. Bh6 g6 18. Rfe1 Qd6 19. Rxe8+ Rxe8 20. Qg4 Qe6 21. Qd4 f6 22. g4 Qe4 23. Qxf6 Qxg4+ 24. Kh1 Qd7 25. Re1 Rxe1+ 26. Nxe1 c5 27. Qf8# 1-0